000 04365cam a2200649 i 4500
001 20853380
003 NUST
005 20240304113156.0
008 190213t20192019enka b 001 0 eng d
010 _a 2019934308
015 _aGBB9D3469
_2bnb
016 7 _a019494280
_2Uk
020 _a9780500021903
_qhardcover
020 _a0500021902
_qhardcover
035 _a(OCoLC)on1112373945
038 _aMalang Jan
040 _aUKMGB
_beng
_cUKMGB
_erda
_dOCLCO
_dSINLB
_dOCLCF
_dL2U
_dUAB
_dYDX
_dHMS
_dOCLCQ
_dOCLCO
_dIUL
_dPMC
_dUKOBU
_dERASA
_dBDX
_dNZAUC
_dGSU
_dQS3
_dGZN
_dMYA
_dOCLCA
_dYDXIT
_dCLE
_dOCLCO
_dDLC
042 _alccopycat
050 0 0 _aNC710
_b.W39 2019
082 0 4 _a741
_223
_bWAY
245 0 0 _aWays of drawing :
_bartists' perspectives and practices /
_cRoyal Drawing School ; introduced by Julian Bell ; edited by Julian Bell, Julia Balchin & Claudia Tobin.
246 3 0 _aArtists' perspectives and practices
264 1 _aLondon :
_bThames and Hudson :
_bin collaboration with the Royal Drawing School,
_c2019.
264 4 _c©2019
300 _a272 pages :
_billustrations (some color) ;
_c29 cm
336 _atext
_btxt
_2rdacontent
336 _astill image
_bsti
_2rdacontent
337 _aunmediated
_bn
_2rdamedia
338 _avolume
_bnc
_2rdacarrier
504 _aIncludes bibliographical references (page 264) and index.
505 0 _aTo start... / Julian Bell -- Studio space. Focusing on the individual / Ishbel Myerscough ; The life room / Thomas Newbolt ; Looking and listening / Eileen Hogan ; Skill and vision / John Lessore ; The gallery as visual dictionary / Ann Dowker ; Drawing from ancient sculpture / Ian Jenkins ; Modelling / Isley Lynn -- Open space. From the studio to the street / Timothy Hyman ; Learning the city / Liza Dimbleby ; Buildings as objects in space / Martin Shortis ; Other people's terrain / Mark Cazalet ; Covering the ground / William Feaver ; Finding and making in open country / Daniel Chatto ; Nature up close / Clara Drummond -- Inner space. Stroke, body, space / Ewan Clayton ; Graphic medicine / Emily Haworth-Booth ; Drawing from film / Catherine Goodman ; Walk the line / Sarah Pickstone ; Text and image : where two rivers meet / Sophie Herxheimer ; Being drawing / Dilip Sur.
520 8 _aWays of Drawing brings together a sophisticated, exciting range of reflections on markmaking by practising artists, teachers and writers. From explorations of how it feels to draw and personal accounts of artistic development, to short, imaginative propositions for looking, understanding and experiencing afresh, this collection repositions drawing as a vital creative and intellectual endeavour. The book is divided into three sections: 'Studio Space', which focuses on drawing within four walls; 'Open Space', which ventures out into the cityscapes and landscapes around us; and 'Inner Space', which returns to the living, feeling, drawing person. Each section is comprehensively illustrated with a wealth of drawings, prints and paintings by faculty and alumni of the Royal Drawing School, works by established artists past and present, and photographs of artists at work.
650 0 _aDrawing.
_928332
650 0 _aDrawing
_xTechnique.
_931809
650 0 _aDrawing
_xPhilosophy.
_9121761
650 1 2 _aPictorial Works as Topic
_9121762
650 6 _aDessin.
_9121763
650 6 _aDessin
_xTechnique.
_9121764
650 6 _aDessin
_xPhilosophie.
_9121765
650 7 _adrawing (image-making)
_2aat
_9121766
650 7 _a21.21 technique and materials of drawing.
_2bcl
_0(NL-LeOCL)077595114
_9121767
650 7 _aDrawing.
_2fast
_0(OCoLC)fst00897725
_928332
650 7 _aDrawing
_xPhilosophy.
_2fast
_0(OCoLC)fst00897741
_9121761
650 7 _aDrawing
_xTechnique.
_2fast
_0(OCoLC)fst00897757
_931809
650 7 _a21.21 technique and materials of drawing.
_2nbc
_0(NL-LeOCL)077595114
_9121767
655 2 _aDrawing
_9121768
655 7 _adrawings (visual works)
_2aat
_9121769
655 7 _aDrawings.
_2lcgft
_9121770
655 7 _aDessins.
_2rvmgf
_9121771
700 1 _aBell, Julian,
_d1952-
_eeditor.
_9121772
700 1 _aBalchin, Julia,
_eeditor.
_9121773
700 1 _aTobin, Claudia,
_eeditor.
_9121774
710 2 _aRoyal Drawing School.
_9121775
906 _a7
_bcbc
_ccopycat
_d2
_eepcn
_f20
_gy-gencatlg
942 _2ddc
_cBK
999 _c608528
_d608528